[Event "Wroclaw-ch U18"]
[Site "Wroclaw"]
[Date "2010.06.12"]
[Round "2.6"]
[White "Borodziuk, Aleksandra"]
[Black "Oszczanowski, Witold"]
[Result "1/2-1/2"]
[WhiteElo "1537"]
[BlackElo "1764"]
[PlyCount "56"]
[EventDate "2010.06.11"]
[EventType "swiss"]
[EventRounds "5"]
[EventCountry "POL"]
[SourceTitle "EXT 2023"]
[Source "ChessBase"]
[SourceDate "2022.10.05"]
[SourceVersion "1"]
[SourceVersionDate "2022.10.05"]
[SourceQuality "1"]

1. e4 c5 2. Nf3 d6 3. c3 Nf6 4. d3 Nc6 5. Bg5 Qb6 6. Qb3 Qxb3 7. axb3 b6 8. Na3 Bb7 9. Be2 Kd7 10. Bxf6 gxf6 11. 0-0 Na5 12. b4 cxb4 13. cxb4 Nc6 14. b5 Ne5 15. Nd2 Bh6 16. f4 Ng6 17. g3 Rhg8 18. Kf2 e6 19. Nac4 Ne7 20. Bh5 Rgf8 21. Ne3 Bg7 22. Ke2 d5 23. f5 d4 24. Nc2 e5 25. Ra4 Bh6 26. Nc4 Nc8 27. Rfa1 Kc7 28. Nb4 Bg5 1/2-1/2